[Event "2. Copenhagen Open Politiken Cup"]
[Site "Brndby"]
[Date "1980.??.??"]
[Round "5"]
[White "Sorensen, Bent"]
[Black "Hoi, Carsten"]
[Result "1/2-1/2"]
[WhiteElo "2245"]
[BlackElo "2410"]
[PlyCount "129"]
[EventDate "1980.??.??"]
[EventType "swiss"]
[EventRounds "10"]
[EventCountry "DEN"]
[SourceDate "2004.01.01"]

1. g3 d5 2. Bg2 c5 3. f4 Nf6 4. Nf3 g6 5. O-O Bg7 6. d3 b6 7. c3 Bb7 8. a4 O-O
9. Qc2 Nbd7 10. Na3 a6 11. Bd2 Rc8 12. Rfe1 Qc7 13. e4 c4 14. dxc4 dxe4 15. Ng5
Nc5 16. b4 Nd3 17. Re2 h6 18. Nxe4 Nxb4 19. cxb4 Bxe4 20. Bxe4 Nxe4 21. Rc1
Nxd2 22. Rxd2 Rfd8 23. Rcd1 Rxd2 24. Rxd2 Rd8 25. Rxd8+ Qxd8 26. Nb1 Qd4+ 27.
Kg2 h5 28. c5 Qd5+ 29. Kh3 bxc5 30. bxc5 Bd4 31. c6 Bc5 32. c7 Qd7+ 33. f5 Qxc7
34. Nd2 Bd6 35. Qxc7 Bxc7 36. fxg6 fxg6 37. Kg2 Kf7 38. Kf3 Kf6 39. Nc4 h4 40.
Ne3 Kg5 41. Ng2 hxg3 42. hxg3 Kf6 43. g4 Ke5 44. Nf4 g5 45. Nh3 Kf6 46. Nf2 Bf4
47. Nd3 Bd6 48. Ke4 Ke6 49. Ne1 Bg3 50. Nf3 Bf4 51. Nd4+ Kd6 52. Nf5+ Kd7 53.
Nd4 e6 54. Ne2 Bh2 55. Nd4 Kd6 56. Nf3 Bf4 57. Nd4 Bc1 58. Nf3 Kc5 59. Nd4 Kb4
60. Nxe6 Kxa4 61. Kd3 a5 62. Kc2 Be3 63. Kd3 Bc1 64. Kc2 Be3 65. Kd3 1/2-1/2

[Event "2. Copenhagen Open Politiken Cup"]
[Site "Brndby"]
[Date "1980.??.??"]
[Round "5"]
[White "Welin, Thomas"]
[Black "Mortensen, Erling"]
[Result "1-0"]
[WhiteElo "2215"]
[BlackElo "2400"]
[PlyCount "67"]
[EventDate "1980.??.??"]
[EventType "swiss"]
[EventRounds "10"]
[EventCountry "DEN"]
[SourceDate "2004.01.01"]

1. c4 Nf6 2. Nc3 g6 3. e4 d6 4. d4 Bg7 5. Be2 O-O 6. Bg5 c5 7. d5 b5 8. cxb5 a6
9. bxa6 Qa5 10. Bd2 Bxa6 11. Nf3 Nbd7 12. O-O Rfb8 13. Bxa6 Qxa6 14. Qc2 Ng4
15. Rab1 Nge5 16. Nxe5 Nxe5 17. b3 Nd3 18. a4 Nb4 19. Qd1 Qd3 20. Nb5 Qxe4 21.
Re1 Qh4 22. g3 Qf6 23. Bc3 Qg5 24. h4 Qf5 25. Bxg7 Kxg7 26. Rxe7 Rxb5 27. axb5
Ra2 28. Qf1 Nxd5 29. Ra1 Rb2 30. Rb7 Qe4 31. Qg2 Qe2 32. Raa7 Ne3 33. Rxf7+ Kg8
34. Qa8# 1-0

[Event "2. Copenhagen Open Politiken Cup"]
[Site "Brndby"]
[Date "1980.??.??"]
[Round "5"]
[White "Wicker, Kevin J"]
[Black "Eriksen, Soren"]
[Result "1-0"]
[WhiteElo "2340"]
[BlackElo "2210"]
[PlyCount "45"]
[EventDate "1980.??.??"]
[EventType "swiss"]
[EventRounds "10"]
[EventCountry "DEN"]
[SourceDate "2004.01.01"]

1. e4 e5 2. Nf3 Nc6 3. Bb5 Nd4 4. Nxd4 exd4 5. c4 c6 6. Ba4 d6 7. O-O Nf6 8. d3
Be7 9. f4 O-O 10. Nd2 Ng4 11. Nf3 f5 12. Qe2 c5 13. h3 Nh6 14. Bd2 Bd7 15. Bb3
Qc7 16. Rae1 Rae8 17. Bc1 Kh8 18. Qd1 Nf7 19. Rf2 Bf6 20. Rfe2 g6 21. Ba4 Re7
22. Bxd7 Qxd7 23. e5 1-0

[Event "2. Copenhagen Open Politiken Cup"]
[Site "Brndby"]
[Date "1980.??.??"]
[Round "6"]
[White "Bednarski, Jacek"]
[Black "Horvath, Tamas"]
[Result "1-0"]
[WhiteElo "2385"]
[BlackElo "2350"]
[PlyCount "67"]
[EventDate "1980.??.??"]
[EventType "swiss"]
[EventRounds "10"]
[EventCountry "DEN"]
[SourceDate "2004.01.01"]

1. e4 c5 2. Nf3 e6 3. d4 cxd4 4. Nxd4 Nf6 5. Nc3 Nc6 6. Ndb5 d6 7. Bf4 e5 8.
Bg5 a6 9. Na3 b5 10. Nd5 Be7 11. Bxf6 Bxf6 12. c3 O-O 13. Bd3 Be6 14. Bc2 Bg5
15. Qd3 Rb8 16. Rd1 f5 17. Qh3 g6 18. O-O Qd7 19. Qg3 Bd8 20. exf5 Bxf5 21.
Bxf5 Rxf5 22. Nc2 Rg5 23. Qf3 Qf5 24. Qe2 Ne7 25. Nxe7+ Bxe7 26. f4 Qg4 27. Qe4
exf4 28. Rd5 Rf8 29. h3 Qd7 30. Rxg5 Bxg5 31. Qd5+ Qf7 32. Qxg5 Qxa2 33. Nd4
Qxb2 34. Ne6 1-0

[Event "2. Copenhagen Open Politiken Cup"]
[Site "Brndby"]
[Date "1980.??.??"]
[Round "6"]
[White "Brinck Claussen, Bjorn"]
[Black "Hoi, Carsten"]
[Result "1/2-1/2"]
[WhiteElo "2370"]
[BlackElo "2410"]
[PlyCount "66"]
[EventDate "1980.??.??"]
[EventType "swiss"]
[EventRounds "10"]
[EventCountry "DEN"]
[SourceDate "2004.01.01"]

1. d4 Nf6 2. c4 g6 3. Nc3 d6 4. e4 Bg7 5. Be2 O-O 6. Bg5 h6 7. Be3 c5 8. d5 e6
9. dxe6 Bxe6 10. Qd2 Kh7 11. h3 Nc6 12. Nf3 Qa5 13. O-O Rad8 14. Rad1 Rfe8 15.
a3 a6 16. Qc2 Qc7 17. Nd5 Bxd5 18. exd5 Ne5 19. Nd2 Re7 20. Rfe1 Rde8 21. b4
Ned7 22. Nf1 cxb4 23. axb4 a5 24. bxa5 Qxa5 25. Bd3 Nc5 26. Bd2 Qa3 27. Rxe7
Rxe7 28. Be3 Nfd7 29. Ng3 Ne5 30. Bf1 Qb4 31. Bd2 Qa3 32. Bc1 Qb4 33. Bd2 Qa3
1/2-1/2

[Event "2. Copenhagen Open Politiken Cup"]
[Site "Brndby"]
[Date "1980.??.??"]
[Round "6"]
[White "Fedder, Steen"]
[Black "Iskov, Gert"]
[Result "1/2-1/2"]
[WhiteElo "2410"]
[BlackElo "2400"]
[PlyCount "36"]
[EventDate "1980.??.??"]
[EventType "swiss"]
[EventRounds "10"]
[EventCountry "DEN"]
[SourceDate "2004.01.01"]

1. d4 Nf6 2. c4 e6 3. Nc3 Bb4 4. Bg5 h6 5. Bh4 c5 6. d5 d6 7. e3 Bxc3+ 8. bxc3
e5 9. Bd3 Qe7 10. Ne2 Nbd7 11. Ng3 e4 12. Nxe4 g5 13. Nxf6+ Qxf6 14. Bg3 Qxc3+
15. Ke2 Ne5 16. Rc1 Qxd3+ 17. Qxd3 Nxd3 18. Kxd3 Ke7 1/2-1/2

[Event "2. Copenhagen Open Politiken Cup"]
[Site "Brndby"]
[Date "1980.??.??"]
[Round "6"]
[White "Finnlaugsson, Gunnar"]
[Black "Nicholson, John"]
[Result "1/2-1/2"]
[WhiteElo "2275"]
[BlackElo "2305"]
[PlyCount "33"]
[EventDate "1980.??.??"]
[EventType "swiss"]
[EventRounds "10"]
[EventCountry "DEN"]
[SourceDate "2004.01.01"]

1. e4 c5 2. Nf3 e6 3. d4 cxd4 4. Nxd4 Nf6 5. Nc3 d6 6. g3 Be7 7. Bg2 O-O 8. O-O
Nc6 9. b3 Bd7 10. Nce2 a6 11. c4 Rc8 12. Bb2 b5 13. cxb5 Nxd4 14. Nxd4 axb5 15.
Qd2 Qb6 16. a3 h6 17. Rac1 1/2-1/2

[Event "2. Copenhagen Open Politiken Cup"]
[Site "Brndby"]
[Date "1980.??.??"]
[Round "6"]
[White "Holm, Sejer"]
[Black "Bjerring, Kai"]
[Result "1/2-1/2"]
[WhiteElo "2395"]
[BlackElo "2330"]
[PlyCount "67"]
[EventDate "1980.??.??"]
[EventType "swiss"]
[EventRounds "10"]
[EventCountry "DEN"]
[SourceDate "2004.01.01"]

1. d4 d5 2. Nf3 Nf6 3. c4 c6 4. Nc3 dxc4 5. a4 Bf5 6. e3 e6 7. Bxc4 Be7 8. O-O
Nbd7 9. Qe2 Nb6 10. Bb3 Nbd5 11. Ne5 Bd6 12. f4 h5 13. Bd2 Qb6 14. Qd1 Ng4 15.
a5 Qc7 16. Nxd5 exd5 17. a6 O-O 18. Rc1 Be4 19. Ba4 Rac8 20. b4 bxa6 21. Rxc6
Qe7 22. Nxg4 hxg4 23. Qxg4 Rxc6 24. Bxc6 f5 25. Qg6 Bxb4 26. Bxb4 Qxb4 27. Bd7
Rf6 28. Qe8+ Qf8 29. Qxf8+ Kxf8 30. Ra1 Rb6 31. Ra2 Bb1 32. Ra5 Be4 33. Ra2 Bb1
34. Ra5 1/2-1/2

[Event "2. Copenhagen Open Politiken Cup"]
[Site "Brndby"]
[Date "1980.??.??"]
[Round "6"]
[White "Jakobsen, Ole"]
[Black "Welin, Thomas"]
[Result "0-1"]
[WhiteElo "2410"]
[BlackElo "2215"]
[PlyCount "74"]
[EventDate "1980.??.??"]
[EventType "swiss"]
[EventRounds "10"]
[EventCountry "DEN"]
[SourceDate "2004.01.01"]

1. d4 Nf6 2. c4 g6 3. Nc3 d5 4. Nf3 Bg7 5. Qb3 dxc4 6. Qxc4 O-O 7. e4 Na6 8.
Be2 c5 9. d5 e6 10. O-O exd5 11. exd5 Re8 12. Bg5 h6 13. Bxf6 Qxf6 14. Rad1 Bd7
15. Rd2 Rab8 16. a4 Qb6 17. d6 Nb4 18. Qb3 Rbd8 19. Bc4 Be6 20. Rfd1 Rd7 21. h3
Qc6 22. Re1 Rxd6 23. Rde2 Nd3 24. Rxe6 fxe6 25. Bb5 c4 26. Qa3 Qb6 27. Re3 Rf8
28. Ne4 Rdd8 29. Bxc4 Nf4 30. b4 Rd1+ 31. Kh2 Qc7 32. Qb3 Nd5+ 33. Ng3 Nxe3 34.
fxe3 Qd6 35. Bxe6+ Kh7 36. Nd4 Rff1 37. Bg8+ Kh8 0-1

[Event "2. Copenhagen Open Politiken Cup"]
[Site "Brndby"]
[Date "1980.??.??"]
[Round "6"]
[White "Jensen, Allan Astrup"]
[Black "Fuglsang, Flemming"]
[Result "1-0"]
[WhiteElo "2245"]
[BlackElo "2205"]
[PlyCount "71"]
[EventDate "1980.??.??"]
[EventType "swiss"]
[EventRounds "10"]
[EventCountry "DEN"]
[SourceDate "2004.01.01"]

1. e4 c5 2. Nc3 Nc6 3. g3 g6 4. Bg2 Bg7 5. d3 d6 6. f4 e6 7. Nf3 Nge7 8. O-O
O-O 9. Kh1 Nd4 10. Ne2 Bd7 11. c3 Nxf3 12. Bxf3 d5 13. Be3 Qc7 14. Bf2 Rfd8 15.
e5 a5 16. d4 c4 17. g4 Re8 18. Bh4 Ra6 19. Qe1 Ba4 20. Qd2 Bd7 21. Ng3 Rb6 22.
Rf2 Kh8 23. Rg1 Ng8 24. f5 exf5 25. gxf5 Bh6 26. Bg5 Bxg5 27. Qxg5 f6 28. exf6
Rxf6 29. Bg4 h6 30. Qd2 h5 31. Bh3 Ref8 32. Qg5 Qd6 33. Nxh5 R6f7 34. Nf4 Ne7
35. Qh6+ Kg8 36. Nxg6 1-0

[Event "2. Copenhagen Open Politiken Cup"]
[Site "Brndby"]
[Date "1980.??.??"]
[Round "6"]
[White "Jensen, Vagn"]
[Black "Mikhalchishin, Adrian"]
[Result "0-1"]
[WhiteElo "2235"]
[BlackElo "2490"]
[PlyCount "72"]
[EventDate "1980.??.??"]
[EventType "swiss"]
[EventRounds "10"]
[EventCountry "DEN"]
[SourceDate "2004.01.01"]

1. e4 e5 2. Nf3 Nc6 3. d4 exd4 4. c3 Nf6 5. e5 Nd5 6. Bb5 Be7 7. O-O O-O 8. Qb3
Nb6 9. cxd4 d6 10. Be3 Be6 11. Qc2 Nb4 12. Qd1 dxe5 13. Nxe5 Nxa2 14. Nd2 Nb4
15. Be2 N6d5 16. Ne4 f6 17. Nd3 Nxe3 18. fxe3 Nxd3 19. Bxd3 f5 20. Nc3 c6 21.
Qe2 Qd7 22. Rad1 Kh8 23. Bc2 Bb4 24. d5 Bg8 25. Rd4 Bxc3 26. bxc3 cxd5 27. c4
Qc6 28. cxd5 Bxd5 29. Bxf5 Bg8 30. Qb2 Rad8 31. Rg4 Qh6 32. Rg3 Bc4 33. Qxb7
Bxf1 34. Rh3 Rd1 35. Qe7 Ba6+ 36. Kf2 Rxf5+ 0-1

[Event "2. Copenhagen Open Politiken Cup"]
[Site "Brndby"]
[Date "1980.??.??"]
[Round "6"]
[White "Mestel, Jonathan"]
[Black "Hansson, Dan"]
[Result "1/2-1/2"]
[WhiteElo "2485"]
[BlackElo "2300"]
[PlyCount "80"]
[EventDate "1980.??.??"]
[EventType "swiss"]
[EventRounds "10"]
[EventCountry "DEN"]
[SourceDate "2004.01.01"]

1. e4 c5 2. Nf3 d6 3. d4 cxd4 4. Nxd4 Nf6 5. Nc3 a6 6. Be2 e5 7. Nb3 Be7 8. O-O
Be6 9. f4 Qc7 10. a4 Nbd7 11. Kh1 O-O 12. a5 exf4 13. Bxf4 Ne5 14. Ra4 Rfe8 15.
Qe1 Nfd7 16. Nd4 g6 17. Qg3 Bf8 18. Nd5 Bxd5 19. exd5 b5 20. axb6 Nxb6 21. Rxa6
Rxa6 22. Bxa6 Nxd5 23. Bc1 Qb6 24. Bb5 Qxd4 25. Bxe8 Nc7 26. Bxf7+ Nxf7 27. Qf3
Qd5 28. Qxd5 Nxd5 29. Rd1 Nc7 30. Bf4 Kg7 31. b4 Kf6 32. c4 Ne6 33. Bg3 Ke7 34.
Ra1 Bg7 35. Ra7+ Ke8 36. Bf2 Ne5 37. b5 Kd8 38. b6 Nc6 39. Ra8+ Kd7 40. c5 Be5
1/2-1/2

[Event "2. Copenhagen Open Politiken Cup"]
[Site "Brndby"]
[Date "1980.??.??"]
[Round "6"]
[White "Mortensen, Erling"]
[Black "Fries Nielsen, Jens Ove"]
[Result "1-0"]
[WhiteElo "2400"]
[BlackElo "2355"]
[PlyCount "57"]
[EventDate "1980.??.??"]
[EventType "swiss"]
[EventRounds "10"]
[EventCountry "DEN"]
[SourceDate "2004.01.01"]

1. c4 f5 2. Nc3 Nf6 3. g3 g6 4. Bg2 Bg7 5. Nf3 O-O 6. d4 d6 7. O-O Nc6 8. d5
Na5 9. Nd2 c5 10. Qc2 e5 11. b3 Bd7 12. Bb2 a6 13. f4 exf4 14. gxf4 b5 15. Rae1
bxc4 16. bxc4 Rb8 17. Nd1 Qb6 18. Bc3 Rfe8 19. Nf2 Qc7 20. e4 fxe4 21. Nfxe4
Nxe4 22. Bxe4 Bh3 23. Rf3 Bf5 24. Kf1 Bxc3 25. Qxc3 Bd7 26. Rg3 Rf8 27. Bxg6
Rxf4+ 28. Nf3 Bg4 29. Bh5 1-0

[Event "2. Copenhagen Open Politiken Cup"]
[Site "Brndby"]
[Date "1980.??.??"]
[Round "6"]
[White "Poulsen, Allan"]
[Black "Pokojowczyk, Jerzy"]
[Result "1-0"]
[WhiteElo "2350"]
[BlackElo "2380"]
[PlyCount "81"]
[EventDate "1980.??.??"]
[EventType "swiss"]
[EventRounds "10"]
[EventCountry "DEN"]
[SourceDate "2004.01.01"]

1. e4 e5 2. Nf3 Nc6 3. Bb5 a6 4. Ba4 Nf6 5. d4 exd4 6. O-O Be7 7. Re1 b5 8. Bb3
d6 9. Bd5 Nxd5 10. exd5 Ne5 11. Nxd4 O-O 12. a4 Bg4 13. Qd2 Bd7 14. Nc3 Re8 15.
b3 b4 16. Ne4 a5 17. Bb2 Bf8 18. f4 Ng4 19. Nf3 Nh6 20. Neg5 Bf5 21. h3 Qd7 22.
Nd4 Rxe1+ 23. Rxe1 Re8 24. Rxe8 Qxe8 25. g4 Bd7 26. Kf2 f6 27. Ngf3 Qe4 28. Nb5
c6 29. dxc6 Bxc6 30. Nbd4 Bd7 31. Qe2 Qxf4 32. Qc4+ Nf7 33. Qd5 Qh6 34. Kg2 Qe3
35. Qxa5 d5 36. Qxd5 Bd6 37. a5 h5 38. a6 hxg4 39. hxg4 Bxg4 40. a7 Qh6 41.
a8=Q+ 1-0

[Event "2. Copenhagen Open Politiken Cup"]
[Site "Brndby"]
[Date "1980.??.??"]
[Round "6"]
[White "Ravikumar, Vaidyanathan"]
[Black "Larsen, Ernst"]
[Result "1-0"]
[WhiteElo "2305"]
[BlackElo "2200"]
[PlyCount "69"]
[EventDate "1980.??.??"]
[EventType "swiss"]
[EventRounds "10"]
[EventCountry "DEN"]
[SourceDate "2004.01.01"]

1. c4 e6 2. g3 d5 3. Bg2 Nf6 4. Nf3 c5 5. O-O Nc6 6. b3 Be7 7. Bb2 O-O 8. e3 b6
9. Qe2 Bb7 10. Rd1 dxc4 11. bxc4 Qc7 12. d3 Rad8 13. e4 a6 14. Nbd2 b5 15. e5
Nd7 16. a3 Kh8 17. h4 f6 18. exf6 Bxf6 19. Bxf6 Nxf6 20. cxb5 axb5 21. Rac1 Qe7
22. Nb3 Ng4 23. Rf1 c4 24. dxc4 bxc4 25. Qxc4 Rxf3 26. Qxg4 Ne5 27. Qa4 Ba8 28.
Nc5 Rdf8 29. Rc2 Qf7 30. Re2 Qc7 31. Nxe6 Qb6 32. Nxf8 Bc6 33. Qc2 g6 34. Rxe5
Rxg3 35. Rg5 1-0

[Event "2. Copenhagen Open Politiken Cup"]
[Site "Brndby"]
[Date "1980.??.??"]
[Round "6"]
[White "Sorensen, Bent"]
[Black "Morris, Walter"]
[Result "1/2-1/2"]
[WhiteElo "2245"]
[BlackElo "2380"]
[PlyCount "75"]
[EventDate "1980.??.??"]
[EventType "swiss"]
[EventRounds "10"]
[EventCountry "DEN"]
[SourceDate "2004.01.01"]

1. c4 Nf6 2. g3 g6 3. Bg2 Bg7 4. Nc3 O-O 5. e3 d6 6. Nge2 e5 7. O-O Nbd7 8. d3
Re8 9. Bd2 Nc5 10. Qc2 a5 11. Rab1 c6 12. e4 Be6 13. b3 Rc8 14. d4 exd4 15.
Nxd4 Bd7 16. Nde2 d5 17. Bg5 dxe4 18. Bxf6 Qxf6 19. Nxe4 Nxe4 20. Bxe4 Re7 21.
Nf4 Rce8 22. Bd3 Bh6 23. Ng2 Bh3 24. f3 Bg7 25. Rf2 h5 26. Nf4 Bc8 27. Kg2 h4
28. Rd1 Bh6 29. Ne2 Qe6 30. Ng1 Be3 31. Re2 h3+ 32. Kh1 Qf6 33. Be4 Bxg1 34.
Kxg1 Bf5 35. Qd3 Bxe4 36. fxe4 Qg5 37. Rde1 Re5 38. Qd7 1/2-1/2

[Event "2. Copenhagen Open Politiken Cup"]
[Site "Brndby"]
[Date "1980.??.??"]
[Round "6"]
[White "Akesson, Ralf"]
[Black "Kovacs, Laszlo"]
[Result "1-0"]
[WhiteElo "2230"]
[BlackElo "2340"]
[PlyCount "45"]
[EventDate "1980.??.??"]
[EventType "swiss"]
[EventRounds "10"]
[EventCountry "DEN"]
[SourceDate "2004.01.01"]

1. c4 g6 2. d4 c5 3. Nf3 Bg7 4. e4 Nc6 5. d5 Nd4 6. Nxd4 cxd4 7. Na3 e5 8. c5
Nf6 9. Bd3 Qa5+ 10. Bd2 Qxc5 11. Qa4 a5 12. Rc1 Qb6 13. Nc4 Qc7 14. Qb5 O-O 15.
Nb6 Qb8 16. Nxa8 Qxa8 17. Qxa5 Qb8 18. Bb4 Re8 19. Qb6 Nh5 20. Bd6 Qa8 21. Rc5
Nf4 22. Bc4 Bf8 23. Ra5 1-0

[Event "2. Copenhagen Open Politiken Cup"]
[Site "Brndby"]
[Date "1980.??.??"]
[Round "7"]
[White "Angantysson, Haukur"]
[Black "Mestel, Jonathan"]
[Result "0-1"]
[WhiteElo "2425"]
[BlackElo "2485"]
[PlyCount "84"]
[EventDate "1980.??.??"]
[EventType "swiss"]
[EventRounds "10"]
[EventCountry "DEN"]
[SourceDate "2004.01.01"]

1. Nf3 c5 2. g3 Nc6 3. Bg2 g6 4. O-O Bg7 5. d3 e6 6. e4 Nge7 7. c3 d5 8. Re1
O-O 9. e5 Bd7 10. h4 f6 11. Bf4 Qb6 12. Qb3 f5 13. Nbd2 Qa6 14. Bf1 b5 15. Qd1
Qb6 16. Nb3 d4 17. cxd4 Nxd4 18. Nfxd4 cxd4 19. Bg2 Rac8 20. Qd2 Bc6 21. Bxc6
Rxc6 22. Rac1 Rfc8 23. Rxc6 Nxc6 24. h5 a5 25. hxg6 hxg6 26. g4 a4 27. Nc1 Qc5
28. gxf5 gxf5 29. Qe2 Nxe5 30. Bxe5 Qxe5 31. Qxe5 Bxe5 32. Rxe5 Rxc1+ 33. Kg2
Kf7 34. Rxb5 Rd1 35. Ra5 Rxd3 36. Rxa4 e5 37. Rb4 Rd1 38. a4 d3 39. Kf3 e4+ 40.
Kf4 Rf1 41. Rd4 Rxf2+ 42. Ke5 d2 0-1

[Event "2. Copenhagen Open Politiken Cup"]
[Site "Brndby"]
[Date "1980.??.??"]
[Round "7"]
[White "Bjerring, Kai"]
[Black "Pokojowczyk, Jerzy"]
[Result "0-1"]
[WhiteElo "2330"]
[BlackElo "2380"]
[PlyCount "80"]
[EventDate "1980.??.??"]
[EventType "swiss"]
[EventRounds "10"]
[EventCountry "DEN"]
[SourceDate "2004.01.01"]

1. e4 e5 2. Nf3 Nc6 3. Bb5 a6 4. Bxc6 dxc6 5. O-O Bd6 6. d4 exd4 7. Qxd4 f6 8.
Be3 Be6 9. Nbd2 Ne7 10. Rfe1 O-O 11. Nf1 c5 12. Qc3 b6 13. Rad1 Qe8 14. Bc1 Rd8
15. b3 Nc6 16. Ng3 Qg6 17. Qe3 Bg4 18. c3 Rde8 19. Qd3 Ne5 20. Nxe5 Bxe5 21. f3
Bc8 22. Kf2 Rf7 23. f4 Bd6 24. Qd5 Qg4 25. h3 Qh4 26. Qh5 Qxh5 27. Nxh5 Rfe7
28. Ng3 g6 29. Re2 h5 30. Rde1 Bb7 31. h4 Bc8 32. c4 Bg4 33. Rc2 Kf7 34. Rc3
Re6 35. Rf1 R6e7 36. Kg1 Kg7 37. Bb2 Bc8 38. Re1 Bxf4 39. Rf3 Be5 40. Bxe5 Rxe5
0-1

[Event "2. Copenhagen Open Politiken Cup"]
[Site "Brndby"]
[Date "1980.??.??"]
[Round "7"]
[White "Brinck Claussen, Bjorn"]
[Black "Holm, Sejer"]
[Result "1-0"]
[WhiteElo "2370"]
[BlackElo "2395"]
[PlyCount "61"]
[EventDate "1980.??.??"]
[EventType "swiss"]
[EventRounds "10"]
[EventCountry "DEN"]
[SourceDate "2004.01.01"]

1. d4 Nf6 2. c4 c5 3. d5 e6 4. Nc3 exd5 5. cxd5 d6 6. Nf3 g6 7. Nd2 Nbd7 8. e4
Bg7 9. Bd3 O-O 10. Nc4 Nb6 11. Ne3 Bd7 12. a4 Qe7 13. a5 Nc8 14. O-O a6 15. Re1
Ne8 16. Qb3 Ra7 17. Nc4 Bd4 18. Be3 Bxe3 19. Rxe3 Qd8 20. h3 Ng7 21. e5 dxe5
22. Rxe5 Nh5 23. Bf1 Qc7 24. Ne4 Bb5 25. Rxh5 Qf4 26. Re5 Bxc4 27. Qc3 b5 28.
axb6 Nxb6 29. g3 Nxd5 30. Rxd5 Qxe4 31. Qxc4 1-0

[Event "2. Copenhagen Open Politiken Cup"]
[Site "Brndby"]
[Date "1980.??.??"]
[Round "7"]
[White "Brondum, Eric"]
[Black "Roth, Rolf"]
[Result "1-0"]
[WhiteElo "2315"]
[BlackElo "2380"]
[PlyCount "109"]
[EventDate "1980.??.??"]
[EventType "swiss"]
[EventRounds "10"]
[EventCountry "DEN"]
[SourceDate "2004.01.01"]

1. d4 Nf6 2. c4 e6 3. Nf3 b6 4. Nc3 Bb7 5. Bg5 Be7 6. e3 h6 7. Bh4 Ne4 8. Bxe7
Qxe7 9. Qc2 Nxc3 10. Qxc3 d6 11. O-O-O Nd7 12. Be2 Nf6 13. Nd2 Ne4 14. Nxe4
Bxe4 15. Bf3 Bxf3 16. gxf3 Qf6 17. e4 O-O-O 18. Rd3 Kb7 19. Kb1 g5 20. Qb3 d5
21. cxd5 exd5 22. e5 Qf5 23. Rc1 c6 24. Ka1 Rhe8 25. Rdc3 Rc8 26. a4 Qf4 27.
Rxc6 Qxc1+ 28. Rxc1 Rxc1+ 29. Ka2 Rd8 30. f4 Rc4 31. Qe3 gxf4 32. Qxf4 Rd7 33.
Ka3 h5 34. Qe3 a5 35. f4 Kc7 36. f5 Rc6 37. f6 Kb7 38. Qh3 Rdc7 39. Qf3 Ka7 40.
Qxd5 Rc2 41. Qd6 Kb7 42. d5 Rd2 43. h4 Rd3+ 44. Ka2 Rd4 45. e6 fxe6 46. Qxe6
Rxa4+ 47. Kb1 Rf4 48. d6 Rf1+ 49. Ka2 Rcc1 50. f7 Rf4 51. Qe7+ Ka6 52. d7 Ra4+
53. Kb3 Rac4 54. f8=Q a4+ 55. Ka2 1-0

[Event "2. Copenhagen Open Politiken Cup"]
[Site "Brndby"]
[Date "1980.??.??"]
[Round "7"]
[White "Csom, Istvan"]
[Black "Fedder, Steen"]
[Result "1/2-1/2"]
[WhiteElo "2510"]
[BlackElo "2410"]
[PlyCount "140"]
[EventDate "1980.??.??"]
[EventType "swiss"]
[EventRounds "10"]
[EventCountry "DEN"]
[SourceDate "2004.01.01"]

1. c4 Nf6 2. Nf3 e6 3. b3 d5 4. Bb2 c5 5. cxd5 exd5 6. e3 Nc6 7. Be2 Be7 8. O-O
O-O 9. d4 cxd4 10. Nxd4 Be6 11. Nc3 Qa5 12. Rc1 Rac8 13. Na4 Bd7 14. Bc3 Bb4
15. Bxb4 Nxb4 16. a3 Na2 17. Rc2 Nc3 18. Nxc3 Rxc3 19. Rxc3 Qxc3 20. Qa1 Rc8
21. Rd1 Qxa1 22. Rxa1 Kf8 23. Kf1 Rc3 24. Ke1 Ke7 25. Bd1 Kd6 26. Ne2 Rc7 27.
f3 Rc8 28. Kd2 g5 29. Bc2 h5 30. Bd3 h4 31. Rh1 Rh8 32. Nd4 Ne8 33. Rf1 Rg8 34.
Bh7 Rg7 35. Bf5 Nc7 36. Bd3 Rg8 37. Rc1 Ne6 38. Nf5+ Ke5 39. Nh6 Rf8 40. Ng4+
Kd6 41. Nf6 Rd8 42. b4 Ba4 43. Ng4 a6 44. Nh6 Rf8 45. g3 hxg3 46. hxg3 Ng7 47.
f4 gxf4 48. gxf4 Bd7 49. Rg1 Ne8 50. Rg5 f6 51. Rg6 Be6 52. Kc3 Bf7 53. Nf5+
Kd7 54. Rh6 Be6 55. Kd4 Bxf5 56. Bxf5+ Kd6 57. Rh7 Nc7 58. a4 b6 59. Rg7 Kc6
60. Rd7 Rh8 61. Rf7 Rh6 62. e4 dxe4 63. Bxe4+ Kd6 64. f5 b5 65. a5 Ne8 66. Rb7
Rh4 67. Rb6+ Kd7 68. Kd3 Nd6 69. Bd5 Rxb4 70. Rxa6 Ra4 1/2-1/2

[Event "2. Copenhagen Open Politiken Cup"]
[Site "Brndby"]
[Date "1980.??.??"]
[Round "7"]
[White "Finnlaugsson, Gunnar"]
[Black "Hvenekilde, Jorgen"]
[Result "0-1"]
[WhiteElo "2275"]
[BlackElo "2235"]
[PlyCount "38"]
[EventDate "1980.??.??"]
[EventType "swiss"]
[EventRounds "10"]
[EventCountry "DEN"]
[SourceDate "2004.01.01"]

1. e4 e5 2. Nf3 d6 3. Bc4 Nc6 4. c3 g6 5. d4 Bg7 6. Ng5 Nh6 7. Be3 O-O 8. O-O
Qe7 9. h3 Kh8 10. a3 Bd7 11. dxe5 Nxe5 12. Be2 f5 13. exf5 Nxf5 14. Bd2 h6 15.
Nf3 Nxf3+ 16. Bxf3 Nh4 17. Bd5 c6 18. Bb3 Bxh3 19. Be3 Qe4 0-1

[Event "2. Copenhagen Open Politiken Cup"]
[Site "Brndby"]
[Date "1980.??.??"]
[Round "7"]
[White "Fuller, Maxwell"]
[Black "Jakobsen, Ole"]
[Result "1/2-1/2"]
[WhiteElo "2355"]
[BlackElo "2410"]
[PlyCount "69"]
[EventDate "1980.??.??"]
[EventType "swiss"]
[EventRounds "10"]
[EventCountry "DEN"]
[SourceDate "2004.01.01"]

1. b3 Nf6 2. Bb2 g6 3. f4 Bg7 4. Nf3 O-O 5. e3 c5 6. Be2 b6 7. O-O Bb7 8. Qe1
Nc6 9. Ne5 Nxe5 10. fxe5 Nd5 11. a3 d6 12. Bf3 Rb8 13. Qg3 b5 14. a4 b4 15.
Bxd5 Bxd5 16. d3 Rb6 17. Nd2 dxe5 18. e4 Be6 19. Bxe5 Bxe5 20. Qxe5 Rc6 21. Nf3
f6 22. Qg3 Qc7 23. Qh4 Kg7 24. Rae1 Bf7 25. e5 Bd5 26. exf6+ exf6 27. Re3 Re6
28. Rxe6 Bxe6 29. Re1 Bd5 30. Nd2 g5 31. Qg4 Rf7 32. Qf5 Bb7 33. Ne4 Bxe4 34.
Rxe4 Re7 35. h4 1/2-1/2

[Event "2. Copenhagen Open Politiken Cup"]
[Site "Brndby"]
[Date "1980.??.??"]
[Round "7"]
[White "Hansson, Dan"]
[Black "Plachetka, Jan"]
[Result "1/2-1/2"]
[WhiteElo "2300"]
[BlackElo "2480"]
[PlyCount "91"]
[EventDate "1980.??.??"]
[EventType "swiss"]
[EventRounds "10"]
[EventCountry "DEN"]
[SourceDate "2004.01.01"]

1. e4 c6 2. d3 d5 3. Nd2 Nd7 4. Ngf3 Qc7 5. g3 Ngf6 6. Bg2 dxe4 7. dxe4 e5 8.
O-O Bc5 9. a4 a5 10. Nh4 O-O 11. Nf5 g6 12. Nh6+ Kg7 13. Nc4 b5 14. Ne3 Nb6 15.
axb5 cxb5 16. Qd2 b4 17. b3 Qd6 18. Nef5+ gxf5 19. Qg5+ Kh8 20. Bb2 Ng8 21.
Qxg8+ Rxg8 22. Nxf7+ Kg7 23. Nxd6 Bxd6 24. Rfd1 Bc7 25. exf5 Ra7 26. c3 bxc3
27. Bxc3 Bxf5 28. f4 Nd7 29. fxe5 Bb6+ 30. Kh1 Be6 31. Rd6 Kf7 32. b4 axb4 33.
Rf1+ Ke7 34. Bxb4 Bc5 35. Rxd7+ Kxd7 36. Bxc5 Ra2 37. Rd1+ Ke8 38. Be4 Kf7 39.
Rb1 Rd8 40. Bd6 Kg7 41. Rb7+ Rd7 42. Rxd7+ Bxd7 43. h4 Be6 44. Kg1 Re2 45. Bf3
Rb2 46. Be7 1/2-1/2